Ciências da terra e da vida: da célula ao universo

Gespeichert in:
Bibliographische Detailangaben
1. Verfasser: Correia, Clara Pinto
Weitere Verfasser: Oliveira, Elsa Pedrosa, Carmen Pires, Rosa
Format: keine Angabe
Sprache:Portugiesisch
Erschienen: Cacém Texto 2000
Ausgabe:1ª ed.
Katalog:MANES:  Suchergebnis im Bibliothekskatalog
Schulbuchspezifische Eigenschaften:
Tags: Tag hinzufügen
Keine Tags, Fügen Sie den ersten Tag hinzu!
Hinzugefügt zu:26.04.2016
Geändert in:25.04.2025

MARC

LEADER 000000000a22000000004500
001 30577
003 OSt
005 20250425111544.0
008 160427s pt ||||| |||| 00| 0 por d
040 |c centro_manes 
041 1 |a por 
100 1 |a Correia, Clara Pinto  |9 15396 
245 0 0 |a Ciências da terra e da vida: da célula ao universo 
250 |a 1ª ed. 
260 3 |a Cacém  |b Texto  |c 2000 
300 |a 400 p.;  |c 27 cm 
500 |a Bibliografia, p. 399-400 
561 |5 pt-BNP  |a Portugal. Biblioteca Nacional de Portugal  |k MANES 
690 |a CN 
691 |a SE 
700 1 |a Oliveira, Elsa  |9 15397  |a Pedrosa, Carmen  |9 15398  |a Pires, Rosa  |9 15399 
942 |2 ddc  |c BK 
546 |a Portugal 
999 |c 32039  |d 32039 
999 |c manes:32039  |d 32039